000 00847nam a2200277Ia 4500
001 Para_6705
003 CHAP
008 220125s1974 xx 000 0 und d
010 _a205474
040 _cCHAP
090 _aPA FOLLETO 687
100 _aRomo Calderón, Enrique
_999708
245 _aEl cultivo del sorgo en Iguala y regiones similares de Guerrero /
_c por Enrique Romo Calderón
260 _aIguala, Gro. :
_b INIA. CIAMEC
300 _a1 hoja desplegable
440 _aCircular CIAMEC; 54
_9171502
650 _aSorgo
_x Guerrero
_9108679
710 _aInstituto Nacional de Investigaciones Agrícolas (México). CIAMEC
_9169571
901 _aPA FOLLETO 687
902 _aA
905 _a0000001974 0000000000 00
910 _a1974
942 _cPARA
942 _cPARA
_d1
999 _c205474
_d205474